A auditoria operacional e seus desafios : (Record no. 1342)

MARC details
000 -LÍDER
Campo Fixo de Controle 00995nam a2200277 a 4500
001 - NÚMERO DE CONTROLE
Campo de Controle 1342
003 - IDENTIFICAÇÃO DO NÚMERO DE CONTROLE
Campo de Controle BR-CuiBMT
005 - DATA E HORA DA ÚLTIMA ATUALIZAÇÃO
Campo de Controle 20231210024436.0
008 - DADOS FIXOS
Dados Fixos 231205s2007 rjba 000 0 por d
020 ## - INTERNATIONAL STANDARD BOOK NUMBER
Nº do ISBN 9788571476554
040 ## - AGÊNCIA CATALOGADORA
Código da Agência Catalogadora BR-CuiBMT
Agência que transcreveu o registro BR-CuiBMT
080 ## - Nº DA CLASSIFICAÇÃO DECIMAL UNIVERSAL
Nº edição CDU 2007
Nº Class. CDU 351.94
090 ## - NÚMERO DE CHAMADA
Nº classificação 351.94
Cutter A345a
100 1# - ENTRADA PRINCIPAL -- AUTOR PESSOAL
Nome pessoal Albuquerque, Frederico de Freitas Tenório
245 12 - TÍTULO PRINCIPAL
Título principal A auditoria operacional e seus desafios :
Subtítulo um estudo a partir da experiência do Tribunal de Contas da União /
Indicação de responsabilidade Frederico de Freitas Tenório de Albuquerque.
260 ## - PUBLICAÇÃO, DISTRIBUIÇÃO, ETC.
Local de publicação Rio de Janeiro :
Editora Renovar,
Data 2007.
300 ## - DESCRIÇÃO FÍSICA
N. páginas ou volumes 153 p. :
Ilustrações il. ;
Dimensões 21 cm
490 1# - INDICAÇÃO DE SÉRIE
Título da série Selo Aliomar Baleeiro ;
Volume/designação sequencial da série v. 6
504 ## - NOTA DE BIBLIOGRAFIA, ETC.
Nota de bibliografia Inclui bibliografia.
610 14 - ASSUNTO -- ENTIDADE
Nome da Entidade ou lugar Brasil.
Unidade subordinada Tribunal de Contas da União.
650 ## - ASSUNTO TÓPICO
Cabeçalho tópico ou nome geográfico Administração pública
Subdivisão geral Auditoria
Subdivisão geográfica Brasil
650 ## - ASSUNTO TÓPICO
Cabeçalho tópico ou nome geográfico Auditoria administrativa
Subdivisão geográfica Brasil
650 ## - ASSUNTO TÓPICO
Cabeçalho tópico ou nome geográfico Tribunal de contas
Subdivisão geral atividades
Subdivisão geográfica Brasil
830 #0 - ENTRADA SECUNDÁRIA DE SÉRIE -- TÍTULO UNIFORME
Título uniforme Selo Aliomar Baleeiro ;
Nº do volume/designação sequencial da série 6
942 ## - ELEMENTOS DE ENTRADA ADICIONAIS (KOHA)
Fonte de classificação ou esquema de arquivamento Classificação Decimal Universal
Tipo de item do Koha Livros
Holdings
Estado: removido Estado: perdido Fonte de classificação ou esquema de arquivamento Estado: danificado Indisponível para empréstimo Localização permanente Localização atual Data de aquisição Total Checkouts Número de Chamada completo Código de barras Date last seen Número do exemplar Preço efetivo a partir de Tipo de item (Koha)
    Classificação Decimal Universal     Biblioteca da Escola Superior de Contas do TCE/MT Biblioteca da Escola Superior de Contas do TCE/MT 05/12/2023   351.94 A345a BIBTCEMT23120220 05/12/2023 Ex. 1 05/12/2023 Livros

Powered by Koha